[Event "EU-ch 6th"]
[Site "Warsaw"]
[Date "2005.06.27"]
[Round "9"]
[White "Olszewski, Michal"]
[Black "Thorfinnsson, Bragi"]
[Result "0-1"]
[WhiteElo "2387"]
[BlackElo "2442"]
[Annotator "Mueller,Karsten"]
[PlyCount "120"]
[EventDate "2005.06.18"]
[EventType "swiss"]
[EventRounds "13"]
[EventCountry "POL"]
[SourceTitle "CBM 108"]
[Source "ChessBase"]
[SourceDate "2005.09.26"]
[SourceVersion "1"]
[SourceVersionDate "2005.09.26"]
[SourceQuality "1"]

1. e4 c5 2. Nf3 d6 3. d4 cxd4 4. Nxd4 Nf6 5. Nc3 a6 6. Be3 e6 7. f3 Qc7 8. Qd2
Be7 9. a4 Nc6 10. Be2 O-O 11. O-O Rd8 12. a5 d5 13. Nxc6 Qxc6 14. Bb6 Bc5+ 15.
Bxc5 Qxc5+ 16. Kh1 Bd7 17. exd5 Bc6 18. Ne4 Qxd5 19. Nxf6+ gxf6 20. Qxd5 Rxd5
21. Rfd1 Rad8 22. Rxd5 Rxd5 23. Bd3 f5 24. Kg1 Bb5 25. Bxb5 axb5 26. c3 Rd2 27.
b4 Rc2 28. a6 bxa6 29. Rxa6 Rxc3 30. Rb6 Rc2 31. Rxb5 Rb2 32. f4 Kg7 33. Rb7
Kg6 34. Kf1 h6 35. Rb6 Kh5 36. Rb7 Kg4 37. Rxf7 Kxf4 38. Rf6 e5 39. Rxh6 e4 40.
Rh5 Rb1+ 41. Ke2 Rb2+ 42. Kf1 Ke3 43. g3 Rf2+ $2 {Hier steht der Turm
letztlich nicht gut, zumal der Bauer f5 ohnehin direkt geopfert werden konnte:}
(43... Kd3 $1 44. Rxf5 Rb1+ 45. Kg2 e3 $19) 44. Kg1 Ke2 (44... Kd2 45. Kxf2 e3+
46. Kg2 e2 47. Rxf5 e1=Q 48. Rf4 $11) 45. b5 e3 46. b6 Kd3 (46... Kd2 $5 47.
Rh4 {Der Turm geht für die Festung in Position.} (47. Rh7 $2 e2 48. Kxf2 e1=Q+
49. Kg2 Qe2+ 50. Kh3 Ke1 51. Ra7 f4 52. gxf4 Qf3+ 53. Kh4 Qxf4+ 54. Kh3 Qe3+
$19) 47... f4 48. b7 e2 49. Kxf2 e1=Q+ 50. Kg2 Qe4+ 51. Kh3 Qxb7 52. Rxf4 $11)
47. b7 Rb2 (47... e2 48. Kxf2 Kd2 49. b8=Q e1=Q+ 50. Kg2 Qe2+ $11) 48. Rxf5
Rxb7 49. Re5 $2 {Zu schematisch gespielt. Hier gehörte der Turm nicht hinter
den Freibauern:} (49. Rd5+ Ke4 50. Rd1 Kf3 51. Rf1+ Ke2 52. Ra1 $11) 49... Rb1+
50. Kg2 e2 51. Kf3 e1=Q 52. Rxe1 Rxe1 53. Kf4 Kd4 54. h4 Kd5 55. Kf5 Rf1+ 56.
Kg6 Rg1 57. h5 Rxg3+ 58. Kf6 Rh3 59. Kg6 Ke6 60. h6 Rg3+ 0-1

[Event "Groningen Harmonie"]
[Site "Groningen"]
[Date "2002.12.21"]
[Round "1"]
[White "Smeets, Jan"]
[Black "Werle, Jan"]
[Result "1-0"]
[WhiteElo "2461"]
[BlackElo "2434"]
[Annotator "Mueller,Karsten"]
[PlyCount "55"]
[EventDate "2002.12.21"]
[EventType "tourn"]
[EventRounds "9"]
[EventCountry "NED"]
[EventCategory "10"]
[SourceTitle "CBM 093"]
[Source "ChessBase"]
[SourceDate "2003.04.01"]
[SourceVersion "1"]
[SourceVersionDate "2003.04.01"]
[SourceQuality "1"]

1. e4 {Ftacnik} c5 2. Nf3 d6 3. d4 cxd4 4. Nxd4 Nf6 5. Nc3 Nc6 6. f3 e6 7. Be3
Be7 8. Qd2 a6 9. g4 Qc7 10. O-O-O Nxd4 11. Qxd4 O-O $5 $146 {eine sehr mutige
Entscheidung, die vielleicht noch zu vertreten ist. Allerdings muss Schwarz im
Folgenden genau agieren, um nicht vom weißen Sturm hinweggefegt zu werden.} (
11... e5 12. Qd2 Be6 13. g5 Nd7 14. Nd5 (14. h4 b5 15. Bh3 Nb6 16. Bxb6 Qxb6
17. h5 b4 18. Nd5 Bxd5 19. exd5 $14 {1-0 Melao,H-Atanes Netto,S/Sao Paulo 1997/
EXT 99 (34)}) (14. Qf2 b5 15. h4 Rc8 16. Nd5 Bxd5 17. Rxd5 Nc5 18. Bh3 Ne6 19.
h5 Qa5 20. Kb1 Rc6 21. g6 $36 {1-0 Rada Equiza,M-Caraballo Campos,F/Vila Real
2001/EXT 2003 (31)}) 14... Bxd5 15. Qxd5 Rc8 16. Qd2 Qc6 17. h4 Nb6 18. Rg1 Nc4
19. Bxc4 Qxc4 20. Kb1 b5 21. h5 $36 {1-0 Paredes Sanchez,J-Garcia Prados,D/
Madrid 2001/CBM 84 ext (30). (29)}) (11... b5 12. g5 Nh5 13. f4 Bb7 14. f5 e5
15. Qd2 Rc8 16. Bd3 f6 17. h4 $36 {1-0 Naiditsch,A-Stoffel,M/Bad Wiessee 1999/
EXT 2001 (32)}) 12. g5 Nd7 13. h4 Ne5 14. f4 Nc6 15. Qd2 b5 16. h5 Rd8 $2 {
ist eindeutig zu langsam.} (16... b4 $142 17. Ne2 Bb7 18. Ng3 Rac8) 17. g6 {
Weiß will um jeden Preis schnell Linien am Königsflügel öffnen.} Bf6 18. Bd3
Rb8 (18... fxg6 {Ftacnik} 19. hxg6 h6 20. Ne2 Bb7 $14) 19. e5 $1 {[%mdl 128]
Ftacnik: 'Smeets very actively tries to prove, that black's bishop on f6 is
not sitting on a viable square.' ein typischer Feldfeger, um den Springer c3
schnell in den Angriff führen zu können. Dieses Motiv kommt im Sizilianer
häufiger vor.} dxe5 20. Ne4 Be7 21. gxf7+ Kh8 (21... Kxf7 22. Ng5+ $40) 22. Qg2
(22. h6 $5 g6 23. Rhf1 exf4 24. Bxf4 e5 25. Qc3 Bb7 26. Be3 $40) 22... Bb7 (
22... exf4 $5 23. Rdg1 $1 (23. Rhg1 Qe5 (23... Bf8 $2 24. Bc5 Qe5 25. Bd6 $40)
24. Bd2 Nb4 (24... b4 $2 25. Rdf1 $18) 25. Kb1 Nd5 26. Rdf1 Bb7) 23... Qe5 24.
Bd2 Nb4 (24... Bf8 25. Bc3 Nd4 26. Qg6 Qf5 27. Nd6 $18) 25. Bxb4 Bxb4 26. Nf6
$3 Qxf6 27. Qg6 $3 $18) 23. Qg6 $3 {Ftacnik: 'Beautiful move, that shows the
heart of a true attacker. White makes no secrets about his wish to mate
opponent's king.'} Nb4 (23... hxg6 $2 24. hxg6+ Bh4 25. Rxh4#) (23... Rxd3 24.
Rdg1 Rd1+ 25. Kxd1 Qd8+ 26. Kc1 Qf8 27. Bc5 $18) 24. Rdg1 $1 Bf8 (24... Nxd3+
25. Kb1 Rg8 26. cxd3 $18) {[%tqu "De","Weiß zieht und gewinnt","","","e4f6","",
6,"e4g5","",6]} 25. Nf6 $1 (25. Ng5 $18 {geht auch.}) 25... Nxd3+ 26. Kb1 hxg6
27. hxg6+ Bxh1 28. Rxh1# 1-0

[Event "Biel GM"]
[Site "Biel"]
[Date "1999.07.24"]
[Round "6"]
[White "Bologan, Viktor"]
[Black "Pelletier, Yannick"]
[Result "1/2-1/2"]
[WhiteElo "2620"]
[BlackElo "2479"]
[Annotator "Pelletier,Y"]
[PlyCount "69"]
[EventDate "1999.07.19"]
[EventType "tourn"]
[EventRounds "10"]
[EventCountry "SUI"]
[EventCategory "14"]
[SourceTitle "CBM 072"]
[Source "ChessBase"]
[SourceDate "1999.10.01"]
[SourceVersion "1"]
[SourceVersionDate "1999.10.01"]
[SourceQuality "1"]

1. e4 {Atlas,V} c5 2. Nf3 d6 3. d4 cxd4 4. Nxd4 Nf6 5. Nc3 a6 6. Be3 e6 7. f3
b5 8. Qd2 Nbd7 9. g4 h6 10. O-O-O Bb7 11. h4 b4 12. Na4 Qa5 13. b3 Nc5 14. a3
Nxa4 15. axb4 Qc7 16. bxa4 d5 17. e5 Nd7 18. f4 Nb6 {Bis jetzt folgten beide
Spieler die Begegnung Topalov-Kasparov, Linares 1999, aber Bologan hatte eine
Verbesserung in petto.} 19. Rh3 $5 (19. a5 Nc4 20. Qc3 Qe7 $1 21. Bxc4 dxc4 22.
Bd2 Bxh1 23. Rxh1 $15 {Topalov-Kasparov, Linares 1999} (23. Rxh1 {Atlas,V} Qb7
24. Rd1 Be7 25. Qf3 O-O-O 26. Qc6+ Qxc6 27. Nxc6 Rd7 {0-1 Topalov,V-Kasparov,G/
Linares ESP 1999 (61)})) 19... Nxa4 20. Bf2 {Atlas,V: 'Opening a third rank
for the rook and intending to set the dark-squared diagonal on the diagonal
e1-a5, protecting the b4-pawn and the crucial c3-square.'} Rc8 21. Be1 {
[%csl Yc3]} (21. b5 {in Verbindung mit einem Qualitätsopfer, nahm ich auch in
Betracht:} Nc3 22. Qxc3 Qxc3 23. Rxc3 Rxc3 24. bxa6 Ba8 {erschien mir haltbar
für Schwarz.}) ({Certainly, not} 21. Ra3 $4 {Atlas,V} Nc3 $19) 21... Nb6 $6 (
21... Be7 {war wahrscheinlich präziser, mit möglicher Zugumstellung nach} 22.
Ra3 (22. b5 Nc5 $1) 22... Nb6) 22. Ra3 $6 (22. f5 $5 {kam sehr in Betracht, da
der Turm auf h3 nun angriffsfähig ist.}) 22... Be7 ({Nach der Partie erfuhr
ich von Viktor Bologan, dass er vor kurzem dieselbe Stellung auf dem Brett
gehabt hatte. Sein Gegner Novikov gab} 22... Nc4 23. Bxc4 dxc4 (23... Qxc4 {
Atlas,V} 24. f5 (24. Rc3 $4 Bxb4 25. Rxc4 Bxd2+ $19)) 24. c3 {[%csl Gd4] den
Vorzug, doch Weiss führte in der Folge sein positionelles Uebergewicht zum
Sieg.} (24. f5 {, with a strong attack.})) 23. Kb1 (23. Bxa6 $2 Bxa6 24. Rxa6
Qb7 {[%csl Gc4] wäre etwas selbstmörderisch. Atlas,V: 'Ч§b4, ><c4, with
dangerous attack on the queenside.'}) ({Auf das aggressive} 23. f5 {gibt es
folgende Möglichkeiten:} exf5 $5 (23... Qxe5 24. fxe6 Nc4 25. Bxc4 Rxc4 26.
exf7+ Kd7 (26... Kxf7 27. Bg3) 27. Qf2 {mit bedrohlichem Angriff.}) (23... O-O
24. fxe6 (24. f6 gxf6 25. Qxh6 fxe5 26. Bd3 e4 27. Nxe6 fxe6 $11) 24... Qxe5
25. Bg3 Qe4 26. Re1 Qxg4 27. Be2 Qg6 {mit ungewisser Lage.}) 24. gxf5 (24. e6
O-O) 24... Qxe5 25. Re3 Qf6 $15) 23... O-O (23... Nc4 24. Bxc4 dxc4 {Atlas,V:
', with the idea 25...Qb6, Black has good counterplay.'} 25. c3) 24. g5 {
[%csl Re6][%cal Rg4g5,Rg5g6]} ({Nach der Partie kritisierte Viktor seinen Zug
und bestand darauf, dass er nach} 24. c3 {besser gestanden wäre. Aber erstens
bin ich nicht volll überzeugt, dass der Nachziehende nach} Nc4 25. Bxc4 dxc4 {
schlechter steht, und wahrscheinlich lässt sich das schwarze Spiel mit 24...
Ra8 oder 24...Qd7 verstärken.}) (24. f5 $6 {Atlas,V} exf5 $1 25. gxf5 (25. Nxf5
Bxb4) 25... Qxe5 26. Bg3 Qf6) 24... h5 $8 25. g6 {Dieser Vorstoss ist typisch,
um den Bauern e6 unterzuminieren. '!' Atlas,V. Atlas,V: 'Otherwise after 25...
g6 Black has excellent attacking prospects.'} Nc4 (25... fxg6 {Atlas,V is
strongly met by} 26. Rg3 {><e6, ><g6} (26. Nxe6 {leads to unclear
complications after} Qc6 27. Nd4 (27. Nxf8 Bxb4 $1 $36) 27... Nc4 $1 28. Nxc6 (
28. Bxc4 Qxc4 $132) 28... Nxd2+ 29. Bxd2 Rxc6 $13)) 26. Bxc4 dxc4 {[%csl Ge4]
[%cal Gb7h1,Gf8f4] Im Gegensatz zu den vorigen Fällen, wo diese Struktur
vorhanden war, ist nun der Königsflügel geöffnet, was dem schwarzen Läuferpaar
gut tut.} (26... Qxc4 {Atlas,V deserved serious attention.} {If} 27. Rb3 {then}
Bc6 {, with counterplay}) 27. gxf7+ (27. Qe2 Qb6 28. Qxh5 fxg6 29. Qxg6 Bxb4
30. Bxb4 Qxb4+ 31. Ka2 c3 32. Qxe6+ Kh8 33. Rb1 Qxd4 34. Rxb7 Qxf4 {verspricht
Schwarz gutes Spiel.}) 27... Rxf7 ({After} 27... Kxf7 {Atlas,V} 28. f5 {
White seizes initiative.}) 28. Nxe6 Qb6 29. Nd4 $2 ({Uebersieht den folgenden
Zug.} 29. Ng5 {hätte den Ausgang der Lage unklar gehalten:} Rd8 (29... Rff8 30.
Qd4 $16) (29... c3 30. Qd4 Qxb4+ 31. Qxb4 Bxb4 32. Nxf7 Bxa3 33. Nd6 Rb8 34.
Ka2 $14) 30. Qe2 Bxg5 $1 (30... Rxd1+ 31. Qxd1 Bxg5 (31... Bxb4 32. Bxb4 Qxb4+
33. Ka2 c3 (33... Rxf4 34. Qd7 $1 $18) 34. Rb3 Qa5+ 35. Kb1 $16) 32. hxg5 Rxf4
33. Qxh5 $40) 31. hxg5 (31. fxg5 Rxd1+ 32. Qxd1 Rf1) 31... Rxf4 32. Rxd8+ (32.
Qxh5 Rxd1+ 33. Qxd1 Rf1) 32... Qxd8 33. Qxh5 Bf3 34. Qh2 {Weiss besitzt einen
Mehrbauern aber die schwarzen Figuren sind aktiv genug. Dazu erhöht sich die
Remistendenz angesichts der ungleichfarbigen Läufern.}) 29... a5 $1 {[%csl Rb4]
[%cal Gc4c3]} 30. Rxa5 (30. c3 axb4 31. cxb4 Be4+ (31... Rxf4 $2 32. Qxf4 Bxb4
33. Bxb4 Qxb4+ 34. Ka2 c3 35. Qc1 $18) (31... c3 32. Rxc3 Qxb4+ 33. Rb3 Qxd2
34. Bxd2 Be4+ 35. Kb2 Bxh4 $13) 32. Kb2 Bd3 {sieht für Schwarz gut aus.}) 30...
c3 31. Qe2 Qxb4+ ({Certainly, not} 31... Bxb4 $2 {Atlas,V} 32. Rb5 $18) 32. Nb3
Be4 $5 {[%csl Rb3][%cal Ge4b1]} ({Verstärkt den Druck auf den weissen König,
aber die Alternativen} 32... Qxf4 33. e6 Rf5 34. Rxf5 Qxf5) ({und} 32... Rxf4
33. Rd7 Re4 {waren nicht von schlechten Eltern.}) (32... Rxf4 $5 {Atlas,V
deserved serious attention.}) 33. Rb5 $2 (33. Kc1 Rb8 $36) 33... Qa3 (33... Bf3
{war meine erste Absicht, und wäre angesichts des Zeitmangels vorzuziehen
gewesen.} 34. Rxb4 (34. Qxf3 Qxb5 35. Bxc3 Qc4 $19) 34... Bxe2 35. Rdd4 Bxb4
36. Rxb4 Rc4 $17) 34. Bxc3 Rxf4 $138 (34... Rxc3 $2 {Atlas,V} 35. Qxe4 $18) 35.
Rd4 {Mein Gegner bot mir hier Remis an, und mir verblieb nur etwas Zeit, um
mich in die Möglichkeit 35...Bxc2 zu vertiefen. Da ich nichts Besonderes fand,
entchied ich das Angebot anzunehmen. Leider erwies sich nach der Partie
schnell, dass 35...Qa8 und 35...Qa6! klaren bzw. entscheidenden Vorteil
versprochen hätten.} (35. Rd4 Qa6 $1 {[%csl Rc3,Rd4,Re2][%cal Ra6e2,Rc8c2,
Ge4b1]} (35... Bxc2+ $2 36. Qxc2 Rf1+ (36... Rxd4 37. Nxd4 Qxc3 {'=' Atlas,V.}
(37... Rxc3 38. Rb8+ Bf8 39. Qa2+ Qxa2+ 40. Kxa2 $14) 38. Qxc3 Rxc3 39. Nf5 Rc7
$11) 37. Rd1 Rxd1+ (37... Rxc3 $2 38. Rb8+ $18) 38. Qxd1 Rxc3 39. Qd5+ $1 {
[%csl Rg8]} Kh7 40. Qf7 Re3 41. Qxh5+ Kg8 42. Qe8+ Bf8 43. Qe6+ Kh7 44. Qc4 $13
) (35... Qa8 36. Ra5 Qc6 37. Raa4 Bf3 38. Qf2 Rxd4 39. Rxd4 Qxc3 40. Rd3 Qxc2+
(40... Qxe5 41. Qxf3 Bxh4 $17) 41. Qxc2 Rxc2 42. Kxc2 (42. Rxf3 Re2 $17) 42...
Be4 $17) 36. Rd2 (36. Rxe4 Rxe4 37. Qxe4 Qxb5 $19) (36. Kb2 Ba3+ 37. Kb1 Rxh4
$19 (37... Bf8 $5)) 36... Qa4 $19 {Weiss ist ganz paralysiert.}) (35. Qe3 $2 {
Atlas,V} Qa4 $1 36. Qxf4 (36. Rb6 Rf3 $19) 36... Bxc2+ $19) 1/2-1/2

[Event "Belgrade RAD 30"]
[Site "Belgrade"]
[Date "1977.01.25"]
[Round "8.4"]
[White "Rajkovic, Dusan"]
[Black "Sax, Gyula"]
[Result "1/2-1/2"]
[WhiteElo "2495"]
[BlackElo "2565"]
[Annotator "Primel,D"]
[PlyCount "81"]
[EventDate "1977.01.15"]
[EventType "tourn"]
[EventRounds "13"]
[EventCountry "SRB"]
[EventCategory "9"]
[SourceTitle "EXT 2018"]
[Source "ChessBase"]
[SourceDate "2017.10.13"]
[SourceVersion "1"]
[SourceVersionDate "2017.10.13"]
[SourceQuality "1"]
[TimeControl "40/9000:16/5400:0"]

1. e4 c5 2. Nf3 e6 3. Nc3 d6 4. d4 cxd4 5. Nxd4 a6 {Cet ordre de coups évite
l'attaque Keres} (5... Nf6 6. g4 $1) 6. g3 Nf6 7. Bg2 Bd7 8. O-O Nc6 9. a4 Be7
10. h3 Qc7 (10... O-O 11. Nb3 Na5 12. Nxa5 Qxa5 13. Bd2 Qc7 14. a5 Bc6 15. Re1
Rae8 16. Be3 Nd7 17. Bd4 Bf6 18. Bxf6 Nxf6 19. Qd4 Re7 20. Qb4 Rd7 21. Rad1
Rfd8 22. Rd4 h6 23. Red1 d5 24. exd5 Nxd5 25. Nxd5 {Ljubojevic,L (2580)
-Ivanchuk,V (2695) Buenos Aires 1994 1-0 (39)}) 11. Nde2 {[%cal Gg3g4,Ge2g3]
Le thème de cette variante g3} O-O 12. g4 Bc8 $1 {[%cal Gf6d7,Gb7b6,Gc8b7]
Libère une case de repli pour le Nf6 et après la poussée g4, le Bb7 doit
donner du contre-jeu} (12... Rab8 {[%cal Gb7b5]}) 13. Ng3 d5 $5 (13... b6 14.
g5 Nd7 15. Be3 Bb7) 14. exd5 Rd8 $132 {[%cal Gd8d1]} 15. Bg5 Nb4 $1 {[%csl Gb4]
[%cal Gb4c2,Gb4d5]} 16. Qf3 $6 Nbxd5 (16... Nfxd5) 17. Nxd5 Rxd5 18. Nf5 $1
exf5 19. Bxf6 Rc5 $13 20. Bxe7 Qxe7 21. Rfe1 {[%csl Rg8]} Qf8 22. gxf5 $6 (22.
c3 fxg4 23. hxg4 Rg5 {[%cal Gh7h5,Gf7f5]} (23... Be6 $5 24. Qxb7 Rb8 25. Qxa6
Rxb2 $36 {[%csl Gb2]})) 22... Rxf5 23. Qg3 Rf6 24. Ra3 Bf5 25. Qc7 (25. Rc3)
25... Rc8 $1 26. Qxb7 Rxc2 $36 27. Rae3 Bc8 28. Qa8 Be6 29. Qxf8+ Kxf8 $15 {
La structure Blanche est trés affaiblie} 30. R3e2 Rxe2 31. Rxe2 Rf4 (31... Ke7
) 32. a5 Ra4 33. Re5 Rb4 $6 (33... Bd7 $1 {[%cal Gd7b5]} 34. Bf1 Ra1 35. Kg2
Bxh3+) 34. Bf1 Rxb2 35. Bxa6 Bxh3 36. Re3 Be6 37. Ra3 Ke7 38. Bd3 Ra2 39. Rxa2
Bxa2 40. a6 Bd5 41. a7 {Les Blancs proposent nulle et curieusement les Noirs
l'acceptent alors qu'ils pouvaient choisir d'ajourner cette finale favorable}
1/2-1/2

[Event "Avoine op 22nd"]
[Site "Avoine"]
[Date "2007.07.25"]
[Round "5"]
[White "Berthelot, Yannick"]
[Black "Doncea, Vladimir"]
[Result "0-1"]
[WhiteElo "2327"]
[BlackElo "2456"]
[Annotator "Primel,D"]
[PlyCount "70"]
[EventDate "2007.07.21"]
[EventType "swiss"]
[EventRounds "9"]
[EventCountry "FRA"]
[SourceTitle "EXT 2010"]
[Source "ChessBase"]
[SourceDate "2010.11.25"]
[SourceVersion "1"]
[SourceVersionDate "2010.11.25"]
[SourceQuality "1"]

1. e4 c5 2. Nf3 e6 3. d4 cxd4 4. Nxd4 Nf6 5. Nc3 d6 6. Be3 a6 7. f3 b5 8. Qd2
Bb7 9. O-O-O Nbd7 10. g4 Nb6 11. Bd3 Nfd7 12. Kb1 b4 ({RR} 12... Rc8 13. Bg5
Qc7 14. Rhe1 Ne5 15. f4 Nec4 16. Qc1 h6 17. Nd5 Qc5 18. Nb3 Qf2 19. Rf1 Qg2 20.
Nxb6 Nxb6 21. Qe3 Nc4 22. Qa7 Bxe4 23. Qxa6 Rb8 24. Rg1 hxg5 25. Rxg2 Bxg2 26.
Bxc4 bxc4 27. Qa4+ {Polgar,J (2718)-Anand,V (2774)/Mainz 2003/CBM 097/1-0}) 13.
Nce2 d5 14. exd5 Nxd5 15. g5 $146 ({RR} 15. Bg5 Qb6 16. Ka1 a5 17. Bb5 Be7 18.
Bxe7 Kxe7 19. Bxd7 Kxd7 20. Rhe1 Rhd8 21. Qg5 g6 22. Nf4 Ke8 23. Nxd5 Bxd5 24.
Qf6 Ra7 25. Re2 Bxf3 26. Qxf3 Rxd4 27. Red2 Rxd2 28. Rxd2 Rd7 29. Rxd7 Kxd7 {
Arsenault,N (2146)-Carrier,C (1971)/Montreal 2006/EXT 2008/1/2-1/2 (38)}) 15...
Ne5 $132 16. h4 Qb6 17. Bg1 Bc5 18. Rh3 $2 (18. h5 Nxd3 19. Qxd3 $11) 18...
Nxd3 19. Qxd3 (19. cxd3) 19... e5 $40 20. Nf5 Bxg1 21. Rh1 Rd8 22. Nxg7+ Kf8
23. Qf5 Qd6 24. Rhxg1 Kxg7 25. Ng3 Qe6 26. Nh5+ Kf8 27. Qxe6 fxe6 28. Rde1 Kf7
29. Rxe5 Rd6 30. Ng3 Ne7 31. Ne4 Rd5 32. Rxd5 Bxd5 33. h5 Rd8 34. b3 Bxe4 35.
fxe4 Rd4 0-1

[Event "British CF-67 Championship playoff"]
[Site "London (RAC Club)"]
[Date "1981.02.14"]
[Round "2"]
[White "Nunn, John DM"]
[Black "Hartston, William R"]
[Result "1/2-1/2"]
[WhiteElo "2575"]
[BlackElo "2450"]
[Annotator "Primel,D"]
[PlyCount "127"]
[EventDate "1981.02.13"]
[EventType "match"]
[EventRounds "6"]
[EventCountry "ENG"]
[SourceTitle "EXT 1999"]
[Source "ChessBase"]
[SourceDate "1998.11.16"]
[SourceVersion "1"]
[SourceVersionDate "1998.11.16"]
[SourceQuality "1"]

1. e4 c5 2. Nf3 e6 3. d4 cxd4 4. Nxd4 Nc6 5. Nc3 a6 6. g3 d6 7. Bg2 Bd7 8. O-O
Nf6 9. Nxc6 Bxc6 10. a4 Be7 11. Be3 Qc7 12. Qe2 O-O 13. Rfd1 b6 14. Bf4 Rfd8
15. Rd2 Qb7 16. Rad1 Ne8 17. h4 Bf8 18. Qd3 b5 19. axb5 axb5 20. Ne2 e5 21. Bg5
Be7 22. Nc3 Bxg5 23. hxg5 b4 24. Nd5 Bxd5 25. exd5 g6 26. Re2 Ng7 27. Bh3 Ra5
28. Re4 Rb8 29. Rc4 Rb5 30. Rc6 Qe7 31. Ra1 Qxg5 32. Rxd6 Ne8 33. Rc6 e4 34.
Qxe4 Qxd5 35. Qxd5 Rxd5 36. Ra7 Rd1+ 37. Bf1 b3 38. Kg2 bxc2 39. Rxc2 Rb1 40.
Rd2 R1xb2 41. Rdd7 R8b6 42. Bc4 Nd6 43. Bxf7+ Nxf7 44. Rxf7 h6 45. Rg7+ Kf8 46.
Rgc7 (46. Raf7+ $1 Ke8 47. Rh7 {Ra7+-}) 46... Re2 47. Kf1 Rbe6 48. Rh7 Re7 49.
Raxe7 Rxe7 50. Rxh6 Kg7 51. Rh4 Ra7 52. Rd4 Ra2 53. Kg2 Kf6 54. Rf4+ Kg7 55.
Kf3 g5 56. Rd4 Kf6 57. Rd6+ Ke5 58. Rb6 Ra4 59. g4 Ra3+ 60. Kg2 Kf4 61. Rb4+
Ke5 62. f3 Kf6 63. Rb6+ Kf7 64. Kf2 1/2-1/2